| 000 | 00363nam a2200145Ia 4500 | ||
|---|---|---|---|
| 008 | 150201s1995 xx 000 0 und d | ||
| 082 |
_a617.692 _bC1995K |
||
| 100 | _aKANTOROWICZ | ||
| 245 | _aINLAYS CROWN & BRIDGES | ||
| 250 | _a5TH | ||
| 260 |
_bWARGHESE PUBLICATION _aDADAR(MUMBAI) _c1995 |
||
| 300 | _a1-210 | ||
| 650 | _aPROSTHODONTICS | ||
| 942 |
_2ddc _cBK _05 |
||
| 999 |
_c2963 _d2963 |
||